Markets (Record no. 82385)

MARC details
000 -LEADER
fixed length control field 00932cam a22001935a 4500
001 - CONTROL NUMBER
control field L150073
008 - FIXED-LENGTH DATA ELEMENTS--GENERAL INFORMATION
fixed length control field 100528e2010 xxk 000 0 eng d
035 ## - SYSTEM CONTROL NUMBER
System control number (Sirsi) u150073
041 0# - LANGUAGE CODE
Language code of text/sound track or separate title eng
100 1# - MAIN ENTRY--PERSONAL NAME
Personal name Watson, Stuart
245 00 - TITLE STATEMENT
Title Markets
Remainder of title sheds
260 ## - PUBLICATION, DISTRIBUTION, ETC.
Date of publication, distribution, etc. 2010
490 #0 - SERIES STATEMENT
Series statement Property Week
Volume/sequential designation 76(20) 21 May 2010, 43-66(6)
520 ## - SUMMARY, ETC.
Summary, etc. Prologis presents its cautious growth plan. Internet retailers drive recovery in the market for big distribution warehouses. Gerald Eve report shows Scotland as best-performing region for the multi-let estates sector. Segro pays £111m for BAA's 50% stake in the joint venture with Aviva which owns industrial assets around British airports. CB Richard Ellis integrates recent acquisition industrial agency M3, with its own UK industrial operation.
590 ## - LOCAL NOTE (RLIN)
Local note KA
651 #4 - SUBJECT ADDED ENTRY--GEOGRAPHIC NAME
Geographic name United Kingdom
Chronological subdivision
690 ## - LOCAL SUBJECT ADDED ENTRY--TOPICAL TERM (OCLC, RLIN)
Topical term or geographic name as entry element PROPERTY-COMMERCIAL PROPERTY-COMMERCIAL PROPERTY MARKET
942 ## - ADDED ENTRY ELEMENTS (KOHA)
Suppress in OPAC 0
Holdings
Withdrawn status Lost status Source of classification or shelving scheme Damaged status Not for loan Home library Current library Shelving location Date acquired Total Checkouts Full call number Barcode Date last seen Copy number Price effective from Koha item type
    Dewey Decimal Classification     London London Journal article 28/05/2010   L150073 150073-1001 06/08/2019 1 06/08/2019 Journal article